00483nam a2200133Ia 4500008004100000100002000041245002700061260006900088300001100157650002100168856006800189999001900257952007300276160712s9999 xx 000 0 und d aTabinas, Jason. cJason TabinasaAgunyas c2014bLikhaan: The Journal of Contemporary Philippine Literature avol. 8 xMAIKLING KUWENTO uhttp://journals.upd.edu.ph/index.php/lik/issue/view/538/showToc c297200d297200 001040aCLbCLd2016-07-12l0r2016-07-12 00:00:00w2016-07-12yFEJ